000 00695nam a22001815i 4500
001 167418
003 ES-MaACL
005 20231206063250.0
008 050927s1889 sp | |||||||| ||spa d
040 _aCAM
_bspa
_cCAM
100 1 _aVicuña, Gumersindo,
_d1840-1890
_9114406
245 1 4 _aLas unidades eléctricas en su aspecto teórico /
_cpor Gumersindo de Vicuña.
260 _aMadrid :
_b[s.n.],
_c1889 (
_fImprenta de Luis Aguado)
300 _a19 p. ;
_c25 cm.
650 0 4 _aMedidas eléctricas.
_914946
852 _aES-MaACL
_jT-559-F-19
_z-- Enc. hol., falto de la enc. original
_z-- An. ms.: Ded. del autor a la Biblioteca del Ateneo de Madrid
999 _c167418
_d167418